000 01389cam a2200421 a 4500
001 13635622
003 ARRUPE
005 20240708120725.0
008 040505s2004 enk 000 1 eng c
010 _a 2004426556
020 _a033048320X
020 _a0330427377 (pbk.)
035 _a(OCoLC)ocm55120869
040 _aCOO
_dCOO
_cDLC
_dDLC
042 _apcc
043 _ae-uk-en
050 0 0 _aPR-605-1
082 0 0 _a823/.914
_222
100 1 _aHollinghurst, Alan.
_937723
245 1 4 _aThe line of beauty /
_cAlan Hollinghurst.
260 _aLondon :
_bPicador,
_c2004.
300 _a501 p. ;
_c23 cm.
610 2 0 _aUniversity of Oxford
_xAlumni and alumnae
_vFiction.
_937724
650 0 _aMale friendship
_vFiction.
_937400
650 0 _aSocial classes
_vFiction.
_937401
650 0 _aMarried people
_vFiction.
_91552
650 0 _aLegislators
_vFiction.
_937725
650 0 _aRich people
_vFiction.
_937726
650 0 _aYoung men
_vFiction.
_937727
650 0 _aGay men
_vFiction.
_937728
651 0 _aNotting Hill (London, England)
_vFiction.
_937729
655 7 _aPsychological fiction.
_2lcsh
_93218
655 7 _aDomestic fiction.
_2lcsh
_937730
655 7 _aBildungsromans.
_2gsafd
_99956
906 _a7
_bcbc
_cpccadap
_d3
_encip
_f20
_gy-gencatlg
942 _2lcc
_cMONOGRAPH
999 _c127263
_d127263